000 01654cam a2200349 i 4500
001 14396404
003 EG-ScBUE
005 20260125100904.0
008 060531t2006 enka frb 001 0 eng d
020 _a0470095024 (PB : alk. paper)
020 _a9780470095027 (PB : alk. paper)
040 _aDNLM/DLC
_beng
_erda
_cDLC
_dNLM
_dUKM
_dBAKER
_dC#P
_dYDXCP
_dOCLCQ
_dBTCTA
_dSTF
_dDLC
_dEG-ScBUE
082 0 4 _a572.86078
_222
_bCAL
100 1 _aCaldwell, Guy A.,
_eauthor.
_939540
245 1 0 _aIntegrated genomics :
_ba discovery-based laboratory course /
_cGuy A. Caldwell, Shelli N. Williams, and Kim A. Caldwell.
264 1 _aChichester :
_bJohn Wiley & Sons,
_c[2006]
264 4 _cc2006
300 _axx, 225 pages :
_billustrations ;
_c29 cm
336 _2rdacontent
_atext
_btxt
337 _aunmediated
_2rdamedia
_bn
338 _avolume
_bnc
_2rdacarrier
504 _aIncludes bibliographical references and index.
505 0 _aIntroduction to basic laboratory genetics -- Gene expression analysis using transgenic animals -- Creation and testing of transgenic yeast for use in protein-protein interaction screening -- Yeast two-hybrid screening -- Isolation and identification of interacting proteins -- Using bioinformatics in modern science -- Generation of an RNAi vector -- RNA-mediated interference by bacterial feeding.
650 7 _aGenomics
_vLaboratory manuals.
_2BUEsh
650 7 _aDiagnosis, Laboratory.
_2BUEsh
650 7 _aMolecular biology
_xTechnique.
_2BUEsh
653 _bPPhrm
_cMarch2016
655 _vReading book
700 1 _aWilliams, Shelli N.,
_eauthor.
700 1 _aCaldwell, Kim A.,
_eauthor.
942 _2ddc
_cBB
999 _c21395
_d21367